Road vehicles inspection and tasting procedures for motor vehicle, trailers and semi trailers / (Record no. 25293)

MARC details
000 -LEADER
fixed length control field 00692nam a2200193Ia 4500
008 - FIXED-LENGTH DATA ELEMENTS--GENERAL INFORMATION
fixed length control field 210303s9999 xx 000 0 und d
016 ## - NATIONAL BIBLIOGRAPHIC AGENCY CONTROL NUMBER
Source reto2022b
040 ## - CATALOGING SOURCE
Original cataloging agency NLN
Language of cataloging English
110 ## - MAIN ENTRY--CORPORATE NAME
Corporate name or jurisdiction name as entry element Nigerian Standard Organization
245 #0 - TITLE STATEMENT
Title Road vehicles inspection and tasting procedures for motor vehicle, trailers and semi trailers /
Statement of responsibility, etc edited by Nigerian Standards Organisation
260 ## - PUBLICATION, DISTRIBUTION, ETC. (IMPRINT)
Place of publication Enugu :
Name of publisher Nigerian Standards Organisation, Federal Ministry of Industries,
Date of publication 1982
300 ## - COLLATION
Pagination iv, 51p. :
Other physical details illus., ; 21cm.
563 ## - BINDING INFORMATION
Binding note (pbk)
650 ## - TRACINGS
Main Subject Motor vehicles
Subdivision (1st) Inspection-Nigeria
942 ## - ADDED ENTRY ELEMENTS (KOHA)
Item type Books
050 ## - LIBRARY OF CONGRESS CALL NUMBER
Classification number TL285
Item number .N685
082 ## - DEWEY DECIMAL CLASSIFICATION NUMBER
Classification number 629
Holdings
Source of classification or shelving scheme Not for loan Home library Current library Date acquired Full call number Barcode. Koha item type
Library of Congress Classification   LAGOS BRANCH National Library of Nigeria 04/03/2021 TL285 .N685 2025-454152 Books

National Library of Nigeria OPAC is powered by Koha